1422 1339 1904 1242 1577 1644 1300 1018 1046 1825 1075 1179 1769 1419 1902 1212 1688 1009 1418 1776 1269 1727 1828 1078 1522 1881 1430 1250 1236 1268 1758 1462 1030 1037 1722 1444 1231 1560 1916 1933 1540 1034 1873 1169 1954 1246 1917 1156 1178 1396 1005 1892 1009 1296 1089 1363 1042 1601 1682 1023 1206 1346 1978 1071 1696 1057 1306 1939 1401 1242 1464 1120 1002 1421 1491 1320 1714 1821 1169 1848 1359 1567 1854 1982 1741 1746 1830 1712 1587 1517 1578 1776 1504 1984 1488 1539 1736 1513 1612 BCNSPRNW ULIB Ver.6.0+V

เปลี่ยนเป็นภาษาไทย

Change to English
 แสดงรายละเอียดบรรณานุกรม
  กลับหน้าหลัก

Brief Record : Get Marc (ISO 2709) : E-mail record : QR code < ปิดหน้าต่าง
LEADER : 00000nam 2200000uu 4500
001    13399112300
003     ULIB
008    110530s2007||||th 000 0 eng d
020    0323037275
060 04 WY100^bM294 2007
100 1  Swearingen, Pamela L.
245 10 Manual of medical - surgical nursing care : nursing interventions and collaborative management /^cSwearingen, Pamela L.
250    6 th ed
260    St. Louis:^bMosby,^c2007
300    823 p. :^bill
650  7 Nursing
650  7 Surgical Nursing
945    ^p1570^l0^i015014
945    ^p1570^l0^i027391
995    Tossapron
999 ^a ใช้งานได้ทุกระบบ
รายการนี้ยังไม่มีแท็ก
คุณยังไม่ได้ล็อกอิน คุณสามารถมีกิจกรรมร่วมกับเว็บไซต์ได้ แต่ต้องล็อกอินก่อน ::
  ล็อกอิน

รายการสื่อสารสนเทศ

ลำดับที่ ประเภท เลขเรียก/บาร์โค้ด สถานที่ สถานะ
- ไม่พบข้อมูล -

รายการใกล้เคียง
    ผู้แต่ง [Swearingen, Pamela L.]

    หัวเรื่อง [Nursing]
    หัวเรื่อง [Surgical Nursing]

BibComment


ยังไม่เคยถูกคอมเมนท์

คอมเมนท์ทรัพยากรรายการนี้
  คอมเมนท์: Manual of medical..


 Copyright 2026. Bcnsprnw @Library